Sabrina a príliš veľa chlapcov

Bibliographic Details
Main Author: Blair, L. E., 1956- (Author)
Other Authors: Támová, Andrea (Translator)
Format: Book
Language:Slovak
English
PhysicalDescription:107 s. 20 cm
Published: Bratislava Príroda 1997
ISBN:8007009302
Subjects:

MARC

LEADER 00000cam a2200000 a 4500
001 vtls001317110
003 SK-MaSNL
005 20260301114038.0
008 220512s1997 xo dr 0000j slo
015 |a SNBA1998/04-01381 
020 |a 8007009302 
035 |a SNK000269628 
035 |a urn:nbn:sk:snk-amjue6 
035 |a urn:nbn:sk:snk-am008417 
035 |a 08241CD3-A46D-4820-A2B1-94E3406C39DF 
040 |a SNK  |b slo  |c SNK  |e AACR2 
041 1 |a slo  |h eng 
044 |a xo  |c SK 
080 |a 820 (73)-3  |2 1981 
100 1 |a Blair, L. E.,  |d 1956-  |4 aut  |9 244391 
240 1 0 |a Sabrina and too many boys  |l Slovensky 
245 1 0 |a Sabrina a príliš veľa chlapcov  |c L. E. Blair ; z anglického originálu Girl talk - Sabrina and too many boys ... preložila Andrea Támová 
260 |a Bratislava  |b Príroda  |c 1997 
300 |a 107 s.  |c 20 cm 
655 7 |a americké príbehy  |2 SNKPH  |9 70732 
655 7 |a dievčenské príbehy  |2 SNKPH  |9 276489 
655 7 |a literatúra pre mládež  |2 SNKPH  |9 89423 
700 1 |a Támová, Andrea  |4 trl  |9 47322 
787 0 8 |i Zo série:  |t Medzi nami dievčatami  |g 45 
852 |a Slovenská národná knižnica 
919 |a 80-07-00930-2 
954 |a beletria cudzojazyčná (svetová)  |2 lita 
968 |b ENG 
999 |c 716865  |d 718795 
952 |t P60, <03>, [BOOK], {603}  |a SNK  |b SNK  |y PREZ  |7 0  |p 17A0118811  |o snkSD 69190  |i snkKSP 677/98  |0 0  |1 0  |4 0  |d 1998-01-23  |l 0  |r 2005-01-02 00:00:00  |w 2026-02-23 
952 |t P60, <04>, [BOOK], {604}  |a SNK  |b SNK  |y VYP  |7 0  |p 17A0118812  |o snkSD 69190 D1  |i snkKSP 678/98  |0 0  |1 0  |4 0  |d 1998-01-23  |f 1  |l 0  |r 2005-01-02 00:00:00  |w 2026-02-23 
952 |t P60, <09>, [BOOK], {629}  |a SNK  |b SNK  |y NEVYP  |7 0  |o snkD 110  |i snk1097/990908  |0 0  |1 0  |4 0  |d 1999-09-07  |l 0  |r 2005-01-02 00:00:00  |w 2026-02-23